00684nam a22001937a 450000500170000001000150001702000250003203500140005703700090007108200150008010000290009524500560012426000330018027000560021330000200026994200260028999900190031595201560033420250602121548.0 aENG-145094 a9788189093617c95.00 aEN-128626 bDBAD a796.08921 aStriesend, Jamie 981508 aIllustrated Dictionary of Sports/cJamie Striesend  aNew DelhibLotus Pressc2013 a4263/3, Ansari Road, Darya Ganj,bNew Delhic110002 a208p.c22cm(pb) 2ddccENh796.089mSTR c211486d211486 001040708NFICaNPLbNPLd2025-06-02eDelivery of Books Act Divisiong95.00l0o796.089 STRpEN-128626r2025-06-02 00:00:00t1v95.00w2025-06-02yEN